[Event "Piazzolero reloaded"]
[Site "http://www.queenalice.com/game.php?id=744684"]
[Date "2010.3.11"]
[Round "-"]
[White "noseasino"]
[Black "Piazzolero"]
[Result "1-0"]
[WhiteElo "2129"]
[BlackElo "1480"]

1. e4 e5 2. Bc4 Nf6 3. Qf3 d6 4. h3 Be6 5. Bxe6 fxe6 6. Qb3 Qc8 7. d3 Nc6 8. c3
d5 9. f3 Na5 10. Qb5+ Nc6 11. Nd2 a6 12. Qa4 Be7 13. Ne2 O-O 14. O-O d4 15. cxd4
exd4 16. Nxd4 Rd8 17. Nxc6 bxc6 18. d4 c5 19. Nb3 Nh5 20. Nxc5 Bf6 21. Be3 h6
22. Qb3 Re8 23. Qc4 a5 24. f4 Ng3 25. Rf3 Bh4 26. Bf2 Qb8 27. Bxg3 g5 28. Bxh4
gxh4 29. Nxe6 Rc8 30. Rb3 a4 31. Rxb8 Rcxb8 32. Nxc7+ Kh7 33. Qf7+ Kh8 34. Nxa8
Rxa8 35. Rc1 Rb8 36. Rc7 Rd8 37. Qg7# 1-0

[Event "yo_soy_lo_mejor"]
[Site "http://www.queenalice.com/game.php?id=775302"]
[Date "2010.5.14"]
[Round "2"]
[White "noseasino"]
[Black "RIVAS"]
[Result "1/2-1/2"]
[WhiteElo "2131"]
[BlackElo "2151"]

1. e4 e5 2. d4 exd4 3. Qxd4 Nc6 4. Qe3 Nf6 5. Nf3 Bb4+ 6. c3 Be7 7. Bc4 d6 8.
O-O O-O 9. Nbd2 d5 10. exd5 Nxd5 11. Qe4 Nf6 12. Qc2 Bd6 13. Re1 Re8 14. Ne4
Nxe4 15. Rxe4 Ne5 16. Nxe5 Rxe5 17. Bf4 Rxe4 18. Qxe4 Bxf4 19. Qxf4 Be6 20. Bxe6
fxe6 21. Re1 Qd7 22. Qe4 c6 23. Qe2 Rd8 24. b3 Qc8 25. Qe3 b6 26. a4 c5 27. h3
Rd6 28. b4 cxb4 29. cxb4 Qd7 30. a5 bxa5 31. bxa5 Rd5 32. Rb1 Rxa5 33. Rb8+ Kf7
34. Qf4+ Rf5 35. Qb4 Qd1+ 36. Kh2 Kg6 37. Qe7 Qd5 38. Rb7 Qe5+ 39. Kg1 Qe1+
1/2-1/2

[Event "2do TORNEO"]
[Site "http://www.queenalice.com/game.php?id=790017"]
[Date "2010.6.14"]
[Round "3"]
[White "lfcanales"]
[Black "noseasino"]
[Result "0-1"]
[WhiteElo "2023"]
[BlackElo "2119"]

1. e4 Nc6 2. d4 d5 3. e5 Bf5 4. Nf3 e6 5. Bb5 h6 6. h3 Ne7 7. O-O a6 8. Ba4 b5
9. Bb3 g5 10. Be3 g4 11. hxg4 Bxg4 12. Nbd2 Nf5 13. Qe1 Rg8 14. a4 Bh3 15. g3
Na5 16. axb5 axb5 17. Qe2 Bxf1 18. Qxf1 c6 19. Qh3 Nc4 20. Rb1 Ncxe3 21. fxe3
Rxg3+ 0-1

[Event "Entre Gallinas"]
[Site "http://www.queenalice.com/game.php?id=820225"]
[Date "2010.8.19"]
[Round "-"]
[White "Arbustov"]
[Black "noseasino"]
[Result "0-1"]
[WhiteElo "1207"]
[BlackElo "2128"]

1. d4 d5 2. Nf3 Nc6 3. Bf4 Nf6 4. e3 h6 5. Bb5 g5 6. Bg3 Bg7 7. h3 Ne4 8. Bh2 a6
9. Bxc6+ bxc6 10. Ne5 Bxe5 11. Bxe5 f6 12. Qh5+ Kf8 13. Bh2 Bf5 14. f3 Nd6 15.
Nd2 Kg7 16. f4 Qb8 17. b3 Qb4 18. Qe2 Ne4 19. a3 Qc3 20. Rd1 c5 21. O-O Qxc2 22.
fxg5 Nc3 23. gxf6+ exf6 24. Qf3 Nxd1 25. g4 Qxd2 26. Qxf5 Rhf8 27. Bf4 Nxe3 28.
Qd7+ Rf7 0-1

[Event "Gallinas.com"]
[Site "http://www.queenalice.com/game.php?id=827494"]
[Date "2010.9.3"]
[Round "-"]
[White "noseasino"]
[Black "Arbustov"]
[Result "1-0"]
[WhiteElo "2130"]
[BlackElo "1332"]

1. e4 e5 2. Nf3 Nc6 3. Bb5 Nge7 4. d4 a6 5. Bxc6 dxc6 6. Nxe5 f6 7. Nc4 Be6 8.
b3 g6 9. O-O Bg7 10. Bb2 Bxc4 11. bxc4 Qd7 12. Qd3 O-O-O 13. Nd2 f5 14. e5 c5
15. d5 Qe8 16. Qa3 Nc6 17. dxc6 Rxd2 18. cxb7+ Kxb7 19. Bc3 Rd7 20. Rab1+ Kc8
21. Qxa6+ Kd8 22. Rb8+ Ke7 23. Rxe8+ Rxe8 24. Qc6 Red8 25. Qxc5+ Ke8 26. e6 Re7
27. Bxg7 Rxg7 28. Qe5 Kf8 29. Qf6+ 1-0

[Event "2do TORNEO"]
[Site "http://www.queenalice.com/game.php?id=849108"]
[Date "2010.10.22"]
[Round "4"]
[White "noseasino"]
[Black "FMP"]
[Result "1-0"]
[WhiteElo "2132"]
[BlackElo "1965"]

1. e4 e5 2. Nf3 Nc6 3. Bb5 a6 4. Bxc6 dxc6 5. Nc3 f6 6. d4 exd4 7. Nxd4 c5 8.
Nde2 Qxd1+ 9. Nxd1 Be6 10. Bf4 O-O-O 11. Ndc3 Bd6 12. O-O-O g5 13. Bxd6 cxd6 14.
h4 Ne7 15. hxg5 fxg5 16. Rh5 h6 17. Rdh1 Ng8 18. Rxg5 1-0

[Event "Challenge"]
[Site "http://www.queenalice.com/game.php?id=856427"]
[Date "2010.11.8"]
[Round "-"]
[White "alfabeto"]
[Black "noseasino"]
[Result "0-1"]
[WhiteElo "2192"]
[BlackElo "2125"]

1. e4 c5 2. Nf3 d6 3. d4 cxd4 4. Qxd4 Nc6 5. Bb5 Bd7 6. Bxc6 Bxc6 7. Nc3 Nf6 8.
Bg5 e6 9. O-O-O Be7 10. Qd3 Qa5 11. Kb1 h6 12. Bxf6 Bxf6 13. Nd4 O-O 14. h4 Rfd8
15. f4 Qc5 16. Nce2 e5 17. Nb3 Qb4 18. Nc3 exf4 19. a3 Qb6 20. Nd4 d5 21. Nxc6
bxc6 22. exd5 Rab8 23. b3 Qa5 0-1

[Event "yo_soy_lo_mejor"]
[Site "http://www.queenalice.com/game.php?id=856715"]
[Date "2010.11.9"]
[Round "3"]
[White "noseasino"]
[Black "sutra"]
[Result "0-1"]
[WhiteElo "2139"]
[BlackElo "2181"]

1. e4 e5 2. Nf3 c5 3. Nxe5 Nc6 4. Nxc6 dxc6 5. Be2 Bd6 6. d4 cxd4 7. Qxd4 Qe7 8.
O-O Nf6 9. Nc3 Be5 10. Qe3 O-O 11. Rd1 h6 12. b3 Ng4 13. Bxg4 Bxg4 14. f3 Bc8
15. Bb2 f5 16. Na4 Bc7 17. e5 f4 18. Qc3 Rf5 19. Re1 Rh5 20. h3 Bxh3 21. gxh3
Qg5+ 22. Kf1 Rxh3 23. Ke2 Rd8 24. Rg1 Rh2+ 25. Kf1 Qf5 26. Rxg7+ Kxg7 27. e6+
Kg6 28. Qg7+ Kh5 29. Kg1 Rxc2 30. e7 Re8 31. Re1 b5 32. Bf6 bxa4 33. Qf7+ Qg6+
34. Qxg6+ Kxg6 35. Bh4 axb3 36. axb3 Bb6+ 37. Kh1 Bf2 38. Re6+ Kg7 39. Bxf2 Rxf2
40. Re4 a5 41. b4 a4 42. Kg1 Rxf3 43. Kg2 Rg3+ 44. Kf2 a3 45. Re2 Re3 46. Rc2
R8xe7 47. Rxc6 Rb7 48. Rc4 a2 49. Rc1 Rxb4 50. Rc7+ Kf6 51. Rc6+ Kg5 0-1

[Event "2do TORNEO"]
[Site "http://www.queenalice.com/game.php?id=895621"]
[Date "2011.2.4"]
[Round "5"]
[White "noseasino"]
[Black "Pentotal"]
[Result "0-1"]
[WhiteElo "2128"]
[BlackElo "2428"]

1. e4 e5 2. Nf3 Nc6 3. Bb5 a6 4. Ba4 Nf6 5. O-O b5 6. Bb3 Bb7 7. d3 Bd6 8. a4 h6
9. Nc3 b4 10. Ne2 O-O 11. Ng3 Re8 12. Be3 Bf8 13. a5 d5 14. c3 Na7 15. Qc2 bxc3
16. Bxa7 cxb2 17. Qxb2 Rxa7 18. Nxe5 c5 19. f4 c4 20. Ba4 Re6 21. exd5 Qxd5 22.
dxc4 Qxa5 23. Kh1 Qc5 24. Rad1 h5 25. Nf5 g6 26. Nd4 Rd6 27. Nb3 Rxd1 28. Rxd1
Qb4 29. Nxg6 Bg7 30. Ne5 Qxa4 31. Rd8+ Bf8 32. h3 Ne4 33. Nd7 Ra8 34. Nb6 Rxd8
35. Nxa4 Rd1+ 36. Kh2 Bd6 37. Nd4 h4 38. Ne2 Nf2 39. Ng3 Nh1 40. Nxh1 Bxf4+ 0-1

[Event "primeiro desafio"]
[Site "http://www.queenalice.com/game.php?id=908423"]
[Date "2011.3.4"]
[Round "-"]
[White "noseasino"]
[Black "alechess"]
[Result "1/2-1/2"]
[WhiteElo "2149"]
[BlackElo "2151"]

1. e4 c5 2. Nf3 d6 3. d4 cxd4 4. Nxd4 Nf6 5. Nc3 g6 6. Be3 Bg7 7. f3 O-O 8. Bc4
Nc6 9. Qd2 Bd7 10. Nxc6 bxc6 11. O-O Be6 12. Bxe6 fxe6 13. Ne2 Rb8 14. c4 Qd7
15. b3 Rb7 16. Rad1 Qc8 17. e5 dxe5 18. g4 e4 19. h3 Rd7 20. Qe1 Rxd1 21. Qxd1
Rd8 22. Qe1 exf3 23. Rxf3 c5 24. Ng3 Qc6 25. Rf1 Nd7 26. Qa5 Rc8 27. Qd2 Be5 28.
Bf4 Bd4+ 29. Kh2 e5 30. Bh6 Nf6 31. g5 Nd7 1/2-1/2

[Event "Torneo Latino"]
[Site "http://www.queenalice.com/game.php?id=935778"]
[Date "2011.5.8"]
[Round "1"]
[White "noseasino"]
[Black "jrafaelcc"]
[Result "1-0"]
[WhiteElo "2149"]
[BlackElo "2168"]

1. e4 c5 2. Nf3 d6 3. d4 cxd4 4. Nxd4 Nf6 5. Nc3 a6 6. Bg5 e6 7. Be2 Be7 8. Qd3
Nbd7 9. O-O h6 10. Bd2 Qc7 11. Qg3 Nc5 12. Qxg7 Rg8 13. Qxh6 Ncxe4 14. Nxe4 Nxe4
15. Bb4 e5 16. Bd3 Bg5 17. Qh5 Nf6 18. Qe2 Be6 19. Nxe6 fxe6 20. f4 Bxf4 21.
Rxf4 exf4 22. Qxe6+ Qe7 23. Qf5 Nd7 24. Re1 Ne5 25. Be2 Rf8 26. Bh5+ Rf7 27.
Bxf7+ Qxf7 28. Qh3 Qf6 29. Bxd6 Qxd6 30. Qh5+ Kd7 31. Rd1 Rf8 32. Qh3+ 1-0

[Event "Challenge"]
[Site "http://www.queenalice.com/game.php?id=947738"]
[Date "2011.6.9"]
[Round "-"]
[White "noseasino"]
[Black "wombat"]
[Result "0-1"]
[WhiteElo "2177"]
[BlackElo "2278"]

1. e4 c6 2. Nf3 d5 3. Nc3 Bg4 4. h3 Bxf3 5. Qxf3 e6 6. d3 d4 7. Ne2 Qb6 8. a4 c5
9. a5 Qb5 10. Qg3 Nf6 11. b3 Nc6 12. Bd2 Nb4 13. Kd1 Rc8 14. f4 h5 15. f5 h4 16.
Qf4 Qd7 17. fxe6 fxe6 18. g4 Bd6 19. Qf2 O-O 20. Qxh4 Nxe4 21. dxe4 d3 22. cxd3
Be5 23. d4 Bxd4 24. Nxd4 Qxd4 25. Rc1 Rcd8 26. Qg5 Qxe4 27. Rg1 Qd4 28. Rh1 Rd5
29. Rc4 Qf2 30. Qxd5 exd5 31. Rc3 d4 32. Bc4+ Kh8 33. Rf1 Qxf1+ 34. Bxf1 dxc3
35. Bxc3 Rxf1+ 36. Ke2 Rh1 0-1

[Event "Challenge"]
[Site "http://www.queenalice.com/game.php?id=947741"]
[Date "2011.6.9"]
[Round "-"]
[White "noseasino"]
[Black "Nico27"]
[Result "1-0"]
[WhiteElo "2162"]
[BlackElo "2115"]

1. e4 c5 2. Nf3 d6 3. d4 cxd4 4. Nxd4 Nf6 5. Nc3 a6 6. Be3 e5 7. Nb3 Be6 8. Be2
Be7 9. Nd5 Nbd7 10. Qd3 O-O 11. O-O Rc8 12. c4 Ng4 13. Bxg4 Bxg4 14. Na5 Rc7 15.
Qb3 Nf6 16. Bb6 Nxd5 17. cxd5 Qc8 18. Bxc7 Qxc7 19. Qxb7 Qxb7 20. Nxb7 Rb8 21.
Na5 Rxb2 22. Rfb1 Rxb1+ 23. Rxb1 Be2 24. Rb8+ Bf8 25. Nb7 Bc4 26. Nxd6 Bxa2 27.
Nb7 Bc4 28. d6 Bb5 29. Nc5 1-0

[Event "Torneo Latino"]
[Site "http://www.queenalice.com/game.php?id=972016"]
[Date "2011.8.13"]
[Round "2"]
[White "FLAMENGO_B"]
[Black "noseasino"]
[Result "0-1"]
[WhiteElo "2322"]
[BlackElo "2180"]

1. e4 e5 2. Nf3 Nc6 3. Bb5 a6 4. Ba4 Nf6 5. O-O Nxe4 6. d4 b5 7. Bb3 d5 8. dxe5
Be6 9. c3 Bc5 10. Nbd2 O-O 11. a4 b4 12. Nxe4 dxe4 13. Bxe6 fxe6 14. Qxd8 Raxd8
15. cxb4 Nxb4 16. Ne1 Rxf2 17. Rxf2 Rf8 18. Nf3 Nd3 19. Ra3 Bxf2+ 20. Kf1 Nxc1
21. Kxf2 exf3 22. Rc3 fxg2+ 23. Kxg2 Ne2 24. Rxc7 Rb8 25. Ra7 Rb3 26. Rxa6 Nf4+
27. Kf2 g5 28. Kg1 Rxb2 29. a5 Rg2+ 30. Kh1 Ra2 31. Kg1 Rg2+ 32. Kh1 Ra2 33. Kg1
g4 34. Ra8+ Kg7 35. a6 Rg2+ 36. Kh1 Rf2 37. h4 g3 38. Ra7+ Kh6 39. Rxh7+ Kxh7
40. Kg1 Nh3+ 0-1

[Event "Challenge"]
[Site "http://www.queenalice.com/game.php?id=983912"]
[Date "2011.9.11"]
[Round "-"]
[White "albemo"]
[Black "noseasino"]
[Result "0-1"]
[WhiteElo "1906"]
[BlackElo "2173"]

1. f4 c5 2. Nf3 Nc6 3. e4 Nf6 4. Nc3 d6 5. Bb5 Bd7 6. d3 a6 7. Bxc6 Bxc6 8. O-O
e6 9. Qe2 Be7 10. d4 cxd4 11. Nxd4 Qb6 12. Be3 Qxb2 13. Nxc6 Qxc3 14. Nxe7 Kxe7
15. Rab1 b5 16. Rb3 Qc7 17. Rd1 Nxe4 18. Bd4 d5 19. Be5 Qc5+ 20. Kf1 Rhc8 21. c3
Qc4 22. Qxc4 Rxc4 23. Bxg7 f6 24. f5 Nxc3 0-1

[Event "Challenge"]
[Site "http://www.queenalice.com/game.php?id=995248"]
[Date "2011.10.9"]
[Round "-"]
[White "noseasino"]
[Black "albemo"]
[Result "1-0"]
[WhiteElo "2177"]
[BlackElo "1866"]

1. e4 e5 2. Nf3 Nf6 3. d4 exd4 4. e5 Qe7 5. Be2 Nd5 6. O-O Nc6 7. c3 Nxe5 8. Re1
d6 9. cxd4 Nc6 10. Bc4 Be6 11. Bxd5 O-O-O 12. Bxc6 bxc6 13. Qa4 1-0

[Event "Hexagonal Final"]
[Site "http://www.queenalice.com/game.php?id=1028258"]
[Date "2012.2.9"]
[Round "1"]
[White "Piazzolero"]
[Black "noseasino"]
[Result "0-1"]
[WhiteElo "1489"]
[BlackElo "2196"]

1. d4 Nf6 2. e3 Nc6 3. Nf3 d5 4. Nc3 e6 5. b4 Bxb4 6. Bd2 Ne4 7. a3 Nxc3 8. Bxc3
Bxc3+ 9. Nd2 Bxa1 10. Qxa1 O-O 11. c4 dxc4 12. Nxc4 b5 13. Ne5 Nxe5 14. dxe5 Qd5
15. f3 Rb8 16. e4 Qc5 17. Be2 Ba6 18. f4 b4 19. Bxa6 bxa3 20. Be2 Rb2 21. g3
Rfb8 22. Bf3 Qe3+ 23. Be2 Qxe2# 0-1

[Event "Hexagonal Final"]
[Site "http://www.queenalice.com/game.php?id=1045253"]
[Date "2012.4.2"]
[Round "2"]
[White "noseasino"]
[Black "jrafaelcc"]
[Result "1/2-1/2"]
[WhiteElo "2197"]
[BlackElo "2145"]

1. e4 c5 2. Nf3 d6 3. d4 cxd4 4. Nxd4 Nf6 5. Nc3 a6 6. Be2 e5 7. Nb3 Be7 8. O-O
O-O 9. Kh1 b5 10. a4 b4 11. Nd5 Bb7 12. Nxf6+ Bxf6 13. Qd3 Qc7 14. Be3 Rd8 15.
a5 Nd7 16. f3 Rac8 17. Rac1 Nc5 18. Qc4 Nxb3 19. Qxc7 Rxc7 20. cxb3 Rdc8 21.
Rxc7 Rxc7 22. Bc4 Be7 23. Rd1 h5 24. Bd2 d5 25. exd5 Bc5 26. Rc1 Rd7 27. h3 Bd4
28. Bxb4 Bxd5 29. Bxa6 Bxb3 30. Rc8+ Kh7 31. Bd3+ g6 32. Bc4 Bxc4 33. Rxc4 Bxb2
34. Kh2 Kg7 1/2-1/2

[Event "Hexagonal Final"]
[Site "http://www.queenalice.com/game.php?id=1073688"]
[Date "2012.6.19"]
[Round "3"]
[White "noseasino"]
[Black "carito30236"]
[Result "1-0"]
[WhiteElo "2195"]
[BlackElo "1779"]

1. e4 e5 2. Nf3 d6 3. d4 Qe7 4. Nc3 Bg4 5. Be2 Bxf3 6. Bxf3 Nd7 7. O-O h6 8. Bg4
Ndf6 9. Bh3 g5 10. Be3 c6 11. Qe2 Rh7 12. Bf5 Rg7 13. Rfd1 g4 14. dxe5 dxe5 15.
Nb5 Rd8 16. Bxa7 Rxd1+ 17. Rxd1 Rg5 18. Bb8 Rxf5 19. Nc7+ Qxc7 20. Bxc7 Rf4 21.
Rd8+ Ke7 22. Qd2 Nxe4 23. Qd7+ Kf6 24. Rxf8 Ne7 25. Bd8 1-0

[Event "🐩"]
[Site "http://www.queenalice.com/game.php?id=1560090"]
[Date "2019.2.9"]
[Round "-"]
[White "phystutordotcom"]
[Black "noseasino"]
[Result "0-1"]
[WhiteElo "2211"]
[BlackElo "2196"]

1. Nf3 d5 2. d4 Nc6 3. c4 Bg4 4. cxd5 Qxd5 5. Nc3 Qa5 6. Bd2 Nf6 7. Ne4 Qb5 8.
e3 Qxb2 9. Rb1 Qxa2 10. Nc3 Qa5 11. Nb5 Qb6 12. Nd6+ exd6 13. Rxb6 axb6 14. Bb5
Be7 15. O-O O-O 16. Qc2 Bd7 17. Bd3 g6 18. e4 d5 19. Bg5 dxe4 20. Bxe4 Nxe4 21.
Bxe7 Rfe8 22. Bh4 Ra5 23. Ne5 Nxe5 24. Qxe4 Bb5 25. dxe5 Ra4 26. Qe3 Rxh4 27.
Re1 Ra4 28. Qc3 Rc4 29. Qf3 Rxe5 30. Rd1 Rd4 31. h3 Bc6 32. Qb3 Ba4 0-1